000 00566cam a2200229u 4500
999 _c534649
_d534649
001 8607823
003 NUST
005 20200312161924.0
008 821105s1924 xx 000 0 eng
010 _aunk82053317
038 _awaseem
040 _aDLC
_cCarP
_dDLC
050 0 0 _aPZ3.P317
_bKi
_aPR6031.A5
082 _a823.9
_bPAR
100 1 _aParis, John.
_928936
245 0 0 _aKimono.
260 _aNew York,
_c[1924]
300 _a1 v.
_bcm.
651 0 _aJapan
_xFiction.
_928937
906 _a0
_bcbc
_cpremunv
_du
_encip
_f19
_gy-gencatlg
942 _2ddc
_cBK